Statistics for Briskillanya Map Quiz

Click here to take the quiz!

General Stats

  • This quiz has been taken 11 times
  • The average score is 9 of 15

Answers on the Map

Answers color-coded by a green-red scale on the quiz's map according to % correct below.
 

Answer Stats

Answer% Correct
Einius
78%
Psadin
78%
Riveta
78%
Anpai
67%
Exin
67%
Ezertax
67%
Fiorra
67%
Inyenton
67%
Isotinab
67%
Laibou
67%
Heldar
56%
Wemvar
56%
Varokax
44%
Trabina
33%
Vinkla
33%

Score Distribution

Percentile by Number Answered

Percent of People with Each Score

Your Score History

You have not taken this quiz